| 000 | 00936nas a2200253 4500 | ||
|---|---|---|---|
| 001 | BR9200665 | ||
| 003 | BR-BrBNA | ||
| 005 | 20231205092305.0 | ||
| 007 | ta | ||
| 008 | 230509b bl.|||p| |||| 00| 00por d | ||
| 040 |
_aBR-BrBNA _bpor _cBiblioteca Nacional de Agricultura |
||
| 041 | _a(Pt) | ||
| 072 | _aH10 | ||
| 100 | 1 | _aDiehl-Fleig, E. | |
| 100 | 1 | _aLucchese, M.E. de P. | |
| 245 | 1 | _aReacoes comportamentais de operarias de Acromyrmex striatus (Hymenoptera, Formicidade)na presenca de fungos entomopatogenicos | |
| 246 | 1 | _aBehavioral responses of Acromyrmex striatus workers (Hymenoptera, Formicidae)in the presence of entomopathogenic fungi | |
| 650 | _aFORMIGA | ||
| 650 | _aCOMPORTAMENTO ANIMAL | ||
| 650 | _aFUNGO ENTOMOGENO | ||
| 773 | 0 |
_tRevista Brasileira de Entomologia (Brazil) _xISSN 0085-5626 _g(Mar 1991), v. 35(1) p. 101-107 _wBR9200665 |
|
| 909 |
_a202311 _bLúcia _c55 _dLúcia Elande |
||
| 942 |
_2AGRIS _n0 _cANA |
||
| 999 |
_c130693 _d130693 |
||